| 000 | 00401nam a2200157Ia 4500 | ||
|---|---|---|---|
| 008 | 210210b2000 xxu||||| |||| 00| 0 eng d | ||
| 020 | _a0 7513 0504 9 | ||
| 082 | _a641.4 SCHP | ||
| 100 | _aSCHWARTZ (Oded). | ||
| 245 | _aPreserving fruit. essential tips. | ||
| 260 |
_aLondon. _bDorling Kindersley., _c2000 |
||
| 300 | _a72 | ||
| 650 | _aFruit Preservation | ||
| 690 | _aFood | ||
| 906 | _a057247 | ||
| 999 |
_c104549 _d104549 |
||